000 00346 a2200157 4500
001 152331
040 _cEscola São Tomás de Aquino
100 _aBANDEIRA, Pedro
240 1 0 _aBrincadeira mortal
_lpor
245 1 0 _aBrincadeira mortal
300 _a78
362 0 _a1997
440 1 _aÁtica
697 _a*LITERATURA JUVENIL
942 _cBK
999 _c152331
_d152331